Catálogo
 En Linea

Casa de cambio / (Registro nro. 35032)

Detalles MARC
000 -CABECERA
campo de control de longitud fija 00528nam a2200169 a 4500
001 - NÚMERO DE CONTROL
campo de control 000035541
005 - FECHA Y HORA DE LA ÚLTIMA TRANSACCIÓN
campo de control 20200930074423.0
008 - DATOS DE LONGITUD FIJA--INFORMACIÓN GENERAL
campo de control de longitud fija 111103s2005 xxu 000 0 spa d
020 ## - NÚMERO INTERNACIONAL ESTÁNDAR DEL LIBRO
Número Internacional Estándar del Libro 1933439009
040 ## - FUENTE DE LA CATALOGACIÓN
Centro catalogador/agencia de origen DO-SdBNP
Lengua de catalogación spa
Centro/agencia transcriptor BNPHU
082 ## - NÚMERO DE LA CLASIFICACIÓN DECIMAL DEWEY
Número de clasificación xxx
Número de documento/Ítem A366c
100 1# - ENTRADA PRINCIPAL--NOMBRE DE PERSONA
Nombre de persona Aguilar, Alejandro,
Término indicativo de función/relación 1958-
9 (RLIN) 21644
245 10 - MENCIÓN DE TÍTULO
Título Casa de cambio /
Mención de responsabilidad, etc. Alejandro Aguilar.
260 ## - PUBLICACIÓN, DISTRIBUCIÓN, ETC.
Lugar de publicación, distribución, etc. Estados Unidos :
Nombre del editor, distribuidor, etc. Cursack Books,
Fecha de publicación, distribución, etc. 2005.
300 ## - DESCRIPCIÓN FÍSICA
Extensión 138 p. ;
Dimensiones 22 cm.
586 ## - NOTA DE PREMIOS
Nota de premios Mención de honor del premio Italo Calvino, La Habana, diciembre 1997
Existencias
Estado de retiro Estado de pérdida Restricciones de uso No para préstamo Código de colección Localización permanente Ubicación/localización actual Ubicación en estantería Fecha de adquisición Número de inventario Total de préstamos Signatura topográfica completa Código de barras Fecha visto por última vez Precio válido a partir de Tipo de ítem Koha
      Excluido de préstamo Monografías: Libros y Folletos General General Depósito 03.11.2011 LF1   xxx A366c 35541-10 25.06.2020 25.06.2020 No se presta
      Excluido de préstamo Monografías: Libros y Folletos General General Depósito 03.11.2011 LF1   xxx A366c 35542-10 25.06.2020 25.06.2020 No se presta

Con tecnología Koha